LIBRARY & INFORMATION CENTRE, KCAET, TAVANUR

ONLINE PUBLIC ACCESS CATALOGUE (OPAC)

Handbook of pattern recognition and image processing: Computer vision, Vol 2 / (Record no. 8998)

MARC details
000 -LEADER
fixed length control field 00467cam a2200169ua 4500
020 ## - INTERNATIONAL STANDARD BOOK NUMBER
ISBN 0-12-774561-0
041 ## - LANGUAGE CODE
Language code of text/sound track or separate title eng
082 ## - DEWEY DECIMAL CLASSIFICATION NUMBER
Classification number 028.71006
Item number YOU/HA
100 ## - MAIN ENTRY--AUTHOR NAME
Personal name Young, Tzay Y .
245 00 - TITLE STATEMENT
Title Handbook of pattern recognition and image processing: Computer vision, Vol 2 /
250 ## - EDITION STATEMENT
Edition statement 1 /
260 ## - PUBLICATION, DISTRIBUTION, ETC. (IMPRINT)
Place of publication New York :
Name of publisher Academic Press ,
Year of publication 1986.
300 ## - PHYSICAL DESCRIPTION
Number of Pages 584 ; .
942 ## - ADDED ENTRY ELEMENTS (KOHA)
Koha item type Books
Holdings
Withdrawn status Lost status Damaged status Home library Current library Date acquired Full call number Accession Number Koha item type
      KAUAET KAUAET 07/04/2012 028.71006 20110 Reference
free website counter